Los comienzos del cálculo /

Guardado en:
Autor Principal: Bandet, J.
Otros Autores: Mialaret, G. / Brandicourt, R.
Formato: Libro
Publicado: Buenos Aires : Kapelusz, 1968
Series:Colección de pedagogía práctica
Materias:
Etiquetas: Agregar Etiqueta
Sin Etiquetas, Sea el primero en etiquetar este registro!
LEADER 00549nam a22001935a 4500
001 CEM.cems000822
005 20060210000000.0
008 130507s1968##################000#0#####d
003 CEMS
082 0 4 |a 372.21 
100 1 |a Bandet, J. 
245 1 0 |a Los comienzos del cálculo / 
260 |a Buenos Aires :  |b Kapelusz,  |c 1968 
300 |a 160 p. 
490 0 |a Colección de pedagogía práctica 
653 |a Educacion 
653 |a Numero-concepto 
700 1 |a Mialaret, G. / Brandicourt, R. 
859 |a CEMS  |b BIB. CEMS - 11 de abril  |h 372.21  |i B222  |p 3274.74  |t Ej.1